LIBRARY ONLINE CATALOGUE

Business information systems : (Record no. 5689)

MARC details
000 -LEADER
fixed length control field 00853nam a22002532 4500
001 - CONTROL NUMBER
control field 0000002179
005 - DATE AND TIME OF LATEST TRANSACTION
control field 20151217151842.0
008 - FIXED-LENGTH DATA ELEMENTS--GENERAL INFORMATION
fixed length control field 070404s xx 000 0 eng d
020 ## - INTERNATIONAL STANDARD BOOK NUMBER
Terms of availability KES 3,132
040 ## - CATALOGING SOURCE
Original cataloging agency KABU
Transcribing agency KABU
050 #0 - LIBRARY OF CONGRESS CALL NUMBER
Classification number HF5415.123
Item number .K87 1993
100 1# - MAIN ENTRY--PERSONAL NAME
Personal name Kroenke, David.
-- 0000154967
245 10 - TITLE STATEMENT
Title Business information systems :
Remainder of title an introduction /
Statement of responsibility, etc. David Kroenke and Richard Hatch.
250 ## - EDITION STATEMENT
Edition statement 5th ed.
260 ## - PUBLICATION, DISTRIBUTION, ETC. (IMPRINT)
Place of publication, distribution, etc. New York :
Name of publisher, distributor, etc. Mitchell McGraw-Hill,
Date of publication, distribution, etc. 1993.
300 ## - PHYSICAL DESCRIPTION
Extent xxvii, 516 p.
650 #0 - SUBJECT ADDED ENTRY--TOPICAL TERM
Topical term or geographic name as entry element Management information systems.
-- 0000148209
700 1# - ADDED ENTRY--PERSONAL NAME
Personal name Hatch, Richard.
-- 0000159957
908 ## - PUT COMMAND PARAMETER (RLIN)
Put command parameter 070404
950 ## - LOCAL HOLDINGS (RLIN)
-- 1
Holdings
Withdrawn status Lost status Source of classification or shelving scheme Not for loan Home library Current library Date acquired Total Checkouts Full call number Barcode Date last seen Price effective from Koha item type
    Library of Congress Classification   Kabarak, Main Campus Kabarak, Main Campus 17/12/2015   HF5415.123 .K87 1993 003740 17/12/2015 17/12/2015 General Collection
    Library of Congress Classification   Kabarak, Main Campus Kabarak, Main Campus 17/12/2015   HF5415.123 .K87 1993 003741 17/12/2015 17/12/2015 General Collection
    Library of Congress Classification   Kabarak, Main Campus Kabarak, Main Campus 17/12/2015   HF5415.123 .K87 1993 003742 17/12/2015 17/12/2015 General Collection